Riconosci lo stato da altri nomi/vecchi con cui sono conosciuti - Statistics

Statistiche generali
  • Questo quiz è stato fatto 206 volte
    195 dall'ultimo reset
  • Il punteggio medio è 14 su 27
Statistiche sulle risposte
ALTRO/VECCHIO NOME STATO % Corretto
Gallia Francia
99%
Persia Iran
89%
Sol Levante Giappone
88%
Mesopotamia Iraq
83%
Birmania Myanmar
80%
Repubblica Elvetica/Elvezia Svizzera
78%
Dacia Romania
74%
Abissinia Etiopia
69%
Magiari (Magyar)/Pannonia Ungheria
69%
Lusitania Portogallo
68%
Zaire R.D. del Congo/Congo
62%
Pakistan orientale Bangladesh
60%
SIAM Thailandia
58%
Ceylon Sri Lanka
53%
Rhodesia del Sud Zimbabwe
53%
Formosa Taiwan
50%
Rhodesia del Nord Zambia
50%
FYROM Macedonia
37%
Kampuchea Cambogia
36%
Costa d'oro Ghana
33%
Alto Volta Burkina Faso
30%
Caledonia Scozia
25%
Isole Gilbert Kiribati
24%
Dahomey Benin
23%
Beciuania Botswana
20%
Stati della Tregua EAU/Emirati Arabi Uniti
17%
Isole Ellice Tuvalu
16%
Nessun quiz corrispondente trovato
Distribuzione punteggi
Percentuale di utenti per punteggio
Percentile per numero di risposta
I tuoi punteggi nel tempo
Non hai fatto questo quiz dall'ultimo reset